Best Youth Hockey Programs - Statistics

General Stats
  • This quiz has been taken 21 times
  • The average score is 5 of 30
Answer Stats
State Team % Correct
Michigan Little Caesars
56%
Minnesota Shattuck-St. Mary's
50%
Michigan Honeybaked
38%
Illinois Chicago Mission
31%
Illinois Team Illinois
31%
New York Long Island Gulls
25%
New Jersey New Jersey Rockets
25%
New Hampshire Top Gun
25%
Illinois Chicago Reapers
19%
Texas Dallas Stars Elite
19%
Connecticut Mid-Fairfield
19%
Rhode Island Mount Saint Charles
19%
Ohio Ohio Blue Jackets
19%
North Dakota Team North Dakota
19%
New York BK Selects
13%
Florida Florida Alliance
13%
Minnesota Minnesota Lakers
13%
Pennsylvania Pittsburgh Penguins Elite
13%
New Jersey Woodbridge Wolfpack
13%
California Los Angeles Junior Kings
6%
Massachusetts Middlesex Islanders
6%
Minnesota Minnesota Blue Ox
6%
Massachusetts Minuteman Flames
6%
New Jersey North Jersey Avalanche
6%
Pennsylvania Philadelphia Junior Flyers
6%
New Hampshire Seacoast Performance Academy
6%
California Anaheim Junior Ducks
0%
Massachusetts Boston Junior Eagles
0%
New York Buffalo Junior Sabres
0%
New Jersey New Jersey Hitmen
0%
No matching quizzes found
Score Distribution
Percent of People with Each Score
Percentile by Number Answered
Your Score History
You have not taken this quiz